000 00221nam a22000857a 4500
008 160711b xxu||||| |||| 00| 0 eng d
100 _92545
_a Thampu, V
245 _aAids: Heresy & Prophecy
260 _aNew Delhi
_b TRACI
_c1993
999 _c2211
_d2211